Black Panther cast - Statistics

General Stats
  • This quiz has been taken 31 times
  • The average score is 8 of 11
Answer Stats
Character Actor % Correct
T'Challa / Black Panther Chadwick Boseman
92%
Erik Killmonger Michael B. Jordan
88%
Everett Ross Martin Freeman
80%
Nakia Lupita Nyong'o
72%
Ulysses Klaue Andy Serkis
68%
Ramonda Angela Bassett
68%
Shuri Letitia Wright
64%
M'Baku Winston Duke
64%
Zuri Forest Whitaker
60%
Okoye Danai Gurira
56%
W'Kabi Daniel Kaluuya
56%
No matching quizzes found
Score Distribution
Percent of People with Each Score
Percentile by Number Answered
Your Score History
You have not taken this quiz